[Event "GER-ch 81st"]
[Site "Bad Liebenzell"]
[Date "2010.03.06"]
[Round "2"]
[White "Huschenbeth, Niclas"]
[Black "Naumann, Alexander"]
[Result "1/2-1/2"]
[WhiteElo "2404"]
[BlackElo "2528"]
[EventDate "2010.03.05"]
[PlyCount "111"]

1. e4 e5 2. Nf3 Nf6 3. Nxe5 d6 4. Nf3 Nxe4 5. Nc3 Nxc3 6. dxc3 Be7 7. Be3 Nd7 8. Qd2 Ne5 9. O-O-O O-O 10. h4 Bg4 11. Be2 Qc8 12. h5 h6 13. Rdg1 Re8 14. Nxe5 dxe5 15. f3 Rd8 16. Bd3 Bf5 17. g4 Bxd3 18. cxd3 f6 19. Rd1 Qe6 20. Kb1 Rd7 21. Qe2 Rad8 22. Rd2 a5 23. d4 exd4 24. Bxd4 Qxe2 25. Rxe2 Kf7 26. Rhe1 a4 27. Be3 Rd1+ 28. Rxd1 Rxd1+ 29. Kc2 Rf1 30. Rf2 Rxf2+ 31. Bxf2 Ke6 32. Kd3 f5 33. c4 Bf6 34. b3 axb3 35. axb3 Bb2 36. Bg3 Be5 37. Bh4 Bf6 38. Bg3 Be5 39. Bf2 Bb2 40. b4 g6 41. Be3 fxg4 42. fxg4 gxh5 43. gxh5 Bg7 44. Ke4 Bf8 45. b5 c6 46. Bd2 Bg7 47. Bc1 Bf8 48. Bb2 Be7 49. Bg7 Bg5 50. Kd4 Bf4 51. Kc5 Be3+ 52. Bd4 Bxd4+ 53. Kxd4 Kd6 54. c5+ Ke6 55. bxc6 bxc6 56. Ke4 1/2-1/2

[Event "GER-ch 81st"]
[Site "Bad Liebenzell"]
[Date "2010.03.06"]
[Round "2"]
[White "Khenkin, Igor"]
[Black "Meister, Peter"]
[Result "1-0"]
[WhiteElo "2597"]
[BlackElo "2407"]
[EventDate "2010.03.05"]
[PlyCount "91"]

1. d4 e6 2. Nf3 f5 3. Bf4 Nf6 4. e3 b6 5. Nbd2 Bb7 6. Bd3 Be7 7. h3 O-O 8. c3 Ne4 9. Rg1 c5 10. g4 cxd4 11. gxf5 Nc5 12. Bb1 dxc3 13. bxc3 Rxf5 14. Nd4 Rxf4 15. exf4 Qe8 16. Qg4 Bf6 17. Nb5 Qe7 18. Qh5 g6 19. Bxg6 hxg6 20. Rxg6+ Bg7 21. Ke2 Ba6 22. Rag1 Bxb5+ 23. c4 Nc6 24. Rxg7+ Qxg7 25. Rxg7+ Kxg7 26. cxb5 Nd4+ 27. Kf1 Nf5 28. Nf3 Ne4 29. Qg4+ Kf6 30. Nh4 Ne7 31. Qh5 d5 32. Qe5+ Kf7 33. f5 Nc5 34. fxe6+ Nxe6 35. Nf5 Ng6 36. Nd6+ Ke7 37. Nf5+ Kf7 38. Qxd5 Rd8 39. Nh6+ Kg7 40. Qxe6 Rd1+ 41. Ke2 Nf4+ 42. Kxd1 Nxe6 43. Nf5+ Kf6 44. Nd6 Nc7 45. a4 Ke5 46. Nc8 1-0

[Event "GER-ch 81st"]
[Site "Bad Liebenzell"]
[Date "2010.03.06"]
[Round "2"]
[White "Krassowizkij, Jaroslaw"]
[Black "Schwing, Hans Elmar"]
[Result "1/2-1/2"]
[WhiteElo "2244"]
[BlackElo "2308"]
[EventDate "2010.03.05"]
[PlyCount "156"]

1. g3 d5 2. Bg2 Nf6 3. Nf3 c6 4. O-O Bg4 5. c4 Nbd7 6. cxd5 cxd5 7. Nc3 e6 8. d4 Be7 9. Ne5 Bf5 10. Qa4 O-O 11. Rd1 a6 12. Nxd7 Nxd7 13. f3 b5 14. Qb3 Nb6 15. g4 Bg6 16. e4 Rc8 17. a4 b4 18. Ne2 a5 19. Nf4 Bg5 20. Nxg6 fxg6 21. Be3 Qf6 22. Rac1 Bxe3+ 23. Qxe3 Nxa4 24. Rxc8 Rxc8 25. exd5 exd5 26. f4 Nb6 27. b3 h6 28. g5 Qc6 29. gxh6 Re8 30. Qh3 Qc2 31. Rf1 Qd2 32. hxg7 Kxg7 33. Kh1 Qxd4 34. Qg3 Qe3 35. Qg5 Qe7 36. Qg3 Qe3 37. Qg5 Qe7 38. Qg3 Qf6 39. f5 g5 40. Qc7+ Re7 41. Qc5 Nd7 42. Qxa5 Qe5 43. Qxb4 Nf6 44. Qd2 Ne4 45. Qe3 Kf6 46. Qb6+ Qd6 47. Qd4+ Qe5 48. Qb6+ Qd6 49. Qxd6+ Nxd6 50. Bxd5 Nxf5 51. Bc4 Re3 52. Kg2 Rc3 53. Rf3 Rxf3 54. Kxf3 Ke5 55. Kg4 Kf6 56. Bd3 Ne7 57. Be4 Nc8 58. b4 Nb6 59. Bc6 Nc4 60. Bg2 Ne5+ 61. Kg3 Nc4 62. Kf3 Ke5 63. Ke2 Kd4 64. Bh1 Nd6 65. Kf3 Ke5 66. Ke3 Nc4+ 67. Kd3 Nb6 68. Bg2 Nd7 69. Kc4 Kd6 70. Kd4 Nb6 71. Bh3 Nd5 72. b5 Nf6 73. Bf5 Nd5 74. Be4 Nf6 75. b6 Ng4 76. Kc4 Nxh2 77. Kb5 Ng4 78. Bg6 Nf6 1/2-1/2

[Event "GER-ch 81st"]
[Site "Bad Liebenzell"]
[Date "2010.03.06"]
[Round "2"]
[White "Lentrodt, Thomas"]
[Black "Dauenheimer, Torsten"]
[Result "1/2-1/2"]
[WhiteElo "2367"]
[BlackElo "2233"]
[EventDate "2010.03.05"]
[PlyCount "100"]

1. Nf3 Nf6 2. d4 e6 3. c4 b6 4. Bf4 Bb7 5. Nbd2 Be7 6. h3 c5 7. dxc5 bxc5 8. e3 Qb6 9. Be2 O-O 10. O-O d6 11. Qc2 Rd8 12. Rfd1 Nc6 13. a3 Rab8 14. Rab1 Ba8 15. Ne1 a5 16. Nd3 Qa7 17. b3 Rb6 18. Nb2 Ne5 19. Na4 Rb7 20. Bxe5 dxe5 21. Bf3 Rbb8 22. Nc3 g6 23. Nb5 Qb6 24. Bxa8 Rxa8 25. Ne4 Qc6 26. Rxd8+ Rxd8 27. Nxf6+ Bxf6 28. Rd1 Kf8 29. Rxd8+ Bxd8 30. Qd3 Ke7 31. Kf1 Bc7 32. e4 Bb6 33. Ke2 Qd7 34. Qxd7+ Kxd7 35. Nc3 Kc6 36. Na4 Bd8 37. Nb2 Bg5 38. Nd3 f6 39. Kd1 Bh6 40. Kc2 Bf8 41. Kc3 Bd6 42. g3 Kb6 43. Kd2 Bf8 44. Kc3 Bd6 45. Ne1 Bf8 46. Nc2 h5 47. g4 h4 48. b4 cxb4+ 49. axb4 axb4+ 50. Nxb4 g5 1/2-1/2

[Event "GER-ch 81st"]
[Site "Bad Liebenzell"]
[Date "2010.03.06"]
[Round "2"]
[White "Natsidis, Christoph"]
[Black "Namyslo, Holger"]
[Result "1-0"]
[WhiteElo "2270"]
[BlackElo "2326"]
[EventDate "2010.03.05"]
[PlyCount "113"]

1. c4 e6 2. d4 d5 3. Nf3 c6 4. Qc2 Nf6 5. g3 dxc4 6. Qxc4 b5 7. Qc2 Bb7 8. Bg2 Be7 9. Nbd2 Nbd7 10. Nb3 O-O 11. O-O Qb6 12. Bg5 Rac8 13. Ne5 Nxe5 14. dxe5 Nd5 15. Bxe7 Nxe7 16. Nc5 Rfd8 17. Rfd1 Ng6 18. f4 a5 19. Kh1 Ne7 20. e4 Ba8 21. Rd6 Ng6 22. Rad1 Nf8 23. Qc3 Rxd6 24. exd6 Rd8 25. e5 Nd7 26. Rc1 Nb8 27. Be4 h6 28. h4 g6 29. Kh2 Kg7 30. Kh3 h5 31. Qc2 Na6 32. Nxa6 Qxa6 33. Qc5 b4 34. Rc4 Kh7 35. Bd3 Bb7 36. Rd4 Qa8 37. d7 Ba6 38. Be4 Bf1+ 39. Kh2 Qa6 40. Rd2 Kg7 41. Qe7 Qb6 42. Qf6+ Kg8 43. Bxg6 Rxd7 44. Bxf7+ Rxf7 45. Rd8+ Qxd8 46. Qxd8+ Kg7 47. Qg5+ Kf8 48. Qxh5 Rd7 49. Qh8+ Ke7 50. Qf6+ Ke8 51. Qxe6+ Kd8 52. Qxc6 Rd2+ 53. Kg1 Bh3 54. h5 Rxb2 55. h6 Bd7 56. Qf6+ Kc7 57. Qd6+ 1-0

[Event "GER-ch 81st"]
[Site "Bad Liebenzell"]
[Date "2010.03.06"]
[Round "2"]
[White "Prusikin, Michael"]
[Black "Kotainy, Jens"]
[Result "1/2-1/2"]
[WhiteElo "2542"]
[BlackElo "2243"]
[EventDate "2010.03.05"]
[PlyCount "90"]

1. d4 f5 2. Nc3 Nf6 3. Bg5 e6 4. e4 fxe4 5. Nxe4 Be7 6. Bxf6 Bxf6 7. Nf3 O-O 8. Qd2 b6 9. O-O-O Bb7 10. Bd3 Bxe4 11. Bxe4 d5 12. Bd3 Qd6 13. h4 Nd7 14. Ng5 Bxg5 15. hxg5 g6 16. Rh4 e5 17. dxe5 Nxe5 18. Bf1 Rad8 19. f4 Nc6 20. g3 Ne7 21. Qh2 Rf7 22. Bd3 Nc6 23. Bxg6 Qxg6 24. Rh6 Qe4 25. Rxc6 d4 26. Rh6 Qe3+ 27. Kb1 d3 28. cxd3 Rxd3 29. Qc2 Rxd1+ 30. Qxd1 Qxg3 31. Qd8+ Kg7 32. Qd4+ Kg8 33. g6 Qe1+ 34. Kc2 Qe2+ 35. Kc1 Qe1+ 36. Kc2 Qe2+ 37. Kc3 Qf3+ 38. Kc2 Qe2+ 39. Kb3 Qf3+ 40. Ka4 Rxf4 41. gxh7+ Kf7 42. Rf6+ Rxf6 43. h8=Q Qc6+ 44. Ka3 Rf3+ 45. b3 Qc1+ 1/2-1/2

[Event "GER-ch 81st"]
[Site "Bad Liebenzell"]
[Date "2010.03.06"]
[Round "2"]
[White "Roehl, Rainer"]
[Black "Zeller, Frank"]
[Result "0-1"]
[WhiteElo "2182"]
[BlackElo "2420"]
[EventDate "2010.03.05"]
[PlyCount "58"]

1. d4 Nf6 2. Nf3 c5 3. e3 d5 4. c3 Nbd7 5. Bd3 g6 6. O-O Bg7 7. Nbd2 O-O 8. e4 dxe4 9. Nxe4 Nxe4 10. Bxe4 Nf6 11. Bc2 cxd4 12. Nxd4 Bg4 13. Qe1 Re8 14. h3 e5 15. Nb3 Bd7 16. Qe2 Bc6 17. Rd1 Qc7 18. Bg5 a5 19. Nd2 a4 20. a3 Nd5 21. g3 h6 22. Be3 Nf4 23. Qf1 Bg2 24. Qc4 Qd7 25. gxf4 Qxh3 26. f3 Bf6 27. Bxg6 Re7 28. fxe5 Bh4 29. Bxf7+ Kh8 0-1

[Event "GER-ch 81st"]
[Site "Bad Liebenzell"]
[Date "2010.03.06"]
[Round "2"]
[White "Tabatt, Hendrik"]
[Black "Tischbierek, Raj"]
[Result "0-1"]
[WhiteElo "2347"]
[BlackElo "2433"]
[EventDate "2010.03.05"]
[PlyCount "42"]

1. Nf3 Nf6 2. c4 e6 3. g3 d5 4. Bg2 Be7 5. O-O O-O 6. d4 dxc4 7. Qc2 a6 8. a4 Bd7 9. Bg5 Bc6 10. Bxf6 Bxf6 11. Rd1 b5 12. Nc3 Qe8 13. Ne4 Nd7 14. g4 g6 15. Ne5 Bxe5 16. dxe5 Bxe4 17. Qxe4 Rd8 18. axb5 axb5 19. Ra5 Nc5 20. Rxd8 Qxd8 21. Qc6 Nb3 0-1

[Event "GER-ch 81st"]
[Site "Bad Liebenzell"]
[Date "2010.03.06"]
[Round "2"]
[White "Vatter, Hans Joachim"]
[Black "Engelmann, Jakob"]
[Result "0-1"]
[WhiteElo "2328"]
[BlackElo "2213"]
[EventDate "2010.03.05"]
[PlyCount "70"]

1. e4 c6 2. c4 d5 3. exd5 cxd5 4. cxd5 Nf6 5. Qa4+ Nbd7 6. Nc3 g6 7. Nf3 Bg7 8. Bc4 O-O 9. Qb3 Nb6 10. d3 Bf5 11. O-O Ne8 12. Re1 Nd6 13. Be3 Rc8 14. Nb5 Nxb5 15. Qxb5 Qd6 16. Bxb6 axb6 17. a4 Rc5 18. Qb3 Rfc8 19. Qa2 Ra5 20. Qb3 Rca8 21. Nd2 Bd7 22. Ne4 Qc7 23. d6 exd6 24. Bxf7+ Kh8 25. Rac1 Bc6 26. Qe6 Re5 27. Qb3 Qe7 28. f4 Rf5 29. Ng5 Bd4+ 30. Kh1 Qf6 31. Be6 Rxf4 32. Nf7+ Kg7 33. Bd5 Rh4 34. h3 Qf5 35. Be6 Rxh3# 0-1

[Event "GER-ch 81st"]
[Site "Bad Liebenzell"]
[Date "2010.03.07"]
[Round "3"]
[White "Bastian, Herbert"]
[Black "Vogel, Christian"]
[Result "1-0"]
[WhiteElo "2351"]
[BlackElo "2263"]
[EventDate "2010.03.05"]
[PlyCount "75"]

1. e4 c5 2. d3 Nc6 3. f4 g6 4. Nf3 Bg7 5. g3 d6 6. Bg2 e5 7. c3 Nge7 8. O-O O-O 9. a4 exf4 10. Bxf4 d5 11. Qc1 Be6 12. Nbd2 Qd7 13. Re1 dxe4 14. Nxe4 b6 15. a5 Nd5 16. axb6 axb6 17. Rxa8 Rxa8 18. Bh6 f5 19. Bxg7 Kxg7 20. Neg5 Bg8 21. c4 Ndb4 22. Qc3+ Kh6 23. Ne5 Qc7 24. Nxc6 Nxc6 25. Qf6 Rc8 26. Ne6 Qe7 27. Qxe7 Nxe7 28. Nxc5 bxc5 29. Rxe7 Kg5 30. Kf2 Rb8 31. Bb7 Kf6 32. Rc7 Ke6 33. Ke3 Kd6 34. Rg7 Be6 35. b4 Bg8 36. b5 Re8+ 37. Kf4 Ke6 38. Rxg8 1-0

[Event "GER-ch 81st"]
[Site "Bad Liebenzell"]
[Date "2010.03.07"]
[Round "3"]
[White "Bindrich, Falko"]
[Black "Heimann, Andreas"]
[Result "1-0"]
[WhiteElo "2532"]
[BlackElo "2458"]
[EventDate "2010.03.05"]
[PlyCount "161"]

1. e4 e5 2. Nf3 Nc6 3. Bb5 a6 4. Ba4 Nf6 5. O-O Be7 6. Re1 b5 7. Bb3 O-O 8. c3 d5 9. exd5 Nxd5 10. Nxe5 Nxe5 11. Rxe5 c6 12. d4 Bd6 13. Re1 Qh4 14. g3 Qh3 15. Qf3 Bg4 16. Qg2 Qh5 17. Be3 Rae8 18. Nd2 Re6 19. a4 Bh3 20. Qf3 Bg4 21. Qh1 Rfe8 22. axb5 axb5 23. Ra6 Bb8 24. Bxd5 cxd5 25. Rxe6 Rxe6 26. Ra1 Qf5 27. Qg2 h6 28. Qf1 Rb6 29. Ra5 Bh3 30. Qb1 Qxb1+ 31. Nxb1 g5 32. Nd2 Kg7 33. f3 Kg6 34. Kf2 Bf5 35. Nf1 Bd7 36. Bc1 Bc6 37. Ne3 Bc7 38. b3 Rb8 39. Ra6 Rb6 40. Ra2 Rb8 41. Nc2 Ra8 42. Ba3 Bd7 43. Rb2 h5 44. Bb4 h4 45. Ne3 hxg3+ 46. hxg3 Rh8 47. Nf1 Ra8 48. Kg2 Bc6 49. Ne3 Re8 50. Nd1 Ra8 51. Nf2 Bd7 52. Ng4 Bxg4 53. fxg4 Re8 54. Kf3 Re1 55. Ra2 Rg1 56. Ra6+ f6 57. Rc6 Bxg3 58. Be7 Bh4 59. Rxf6+ Kg7 60. Rb6 Rg3+ 61. Ke2 Rxg4 62. Bd6 Re4+ 63. Kd3 g4 64. Rxb5 g3 65. Bxg3 Bxg3 66. Rxd5 Rg4 67. Rf5 Bh4 68. b4 Bf6 69. b5 Kf7 70. b6 Rg8 71. c4 Ke6 72. Rf4 Be7 73. Re4+ Kd7 74. c5 Bd8 75. Kc4 Kc6 76. Re6+ Kb7 77. Rd6 Bh4 78. Kb5 Bg3 79. Rd7+ Kc8 80. c6 Kb8 81. d5 1-0

[Event "GER-ch 81st"]
[Site "Bad Liebenzell"]
[Date "2010.03.07"]
[Round "3"]
[White "Dauenheimer, Torsten"]
[Black "Tabatt, Hendrik"]
[Result "1-0"]
[WhiteElo "2233"]
[BlackElo "2347"]
[EventDate "2010.03.05"]
[PlyCount "77"]

1. d4 Nf6 2. c4 g6 3. Nc3 Bg7 4. Nf3 O-O 5. Bg5 h6 6. Bh4 c5 7. e3 d6 8. Be2 Nbd7 9. Qc2 a6 10. h3 cxd4 11. Nxd4 Nc5 12. O-O Bd7 13. Rac1 Rc8 14. Qb1 Ne6 15. Nb3 Ng5 16. Rfd1 Bf5 17. Qa1 Nfe4 18. Nxe4 Nxe4 19. Nd4 Bd7 20. Qb1 Nf6 21. b4 Qb6 22. c5 dxc5 23. bxc5 Qxb1 24. Rxb1 g5 25. Bg3 Ne4 26. Rxb7 Ba4 27. Rc1 Nxc5 28. Rxe7 Bf6 29. Ra7 Ne4 30. Rxc8 Rxc8 31. Rxa6 Nxg3 32. fxg3 Bxd4 33. exd4 Bd7 34. Bf3 Rc2 35. Ra7 Bf5 36. g4 Bg6 37. a4 Rc4 38. d5 Be4 39. d6 1-0

[Event "GER-ch 81st"]
[Site "Bad Liebenzell"]
[Date "2010.03.07"]
[Round "3"]
[White "Hirneise, Tobias"]
[Black "Baramidze, David"]
[Result "1/2-1/2"]
[WhiteElo "2438"]
[BlackElo "2528"]
[EventDate "2010.03.05"]
[PlyCount "78"]

1. e4 e5 2. Nf3 Nc6 3. Bb5 a6 4. Ba4 Nf6 5. O-O Be7 6. Re1 b5 7. Bb3 d6 8. c3 O-O 9. h3 Nb8 10. d4 Nbd7 11. Nbd2 Bb7 12. Bc2 Re8 13. a4 Bf8 14. Bd3 c6 15. b4 Nb6 16. a5 Nbd7 17. Qb3 Rb8 18. Bb2 c5 19. Qd1 c4 20. Bc2 exd4 21. Nxd4 d5 22. exd5 Qc7 23. N2f3 Nxd5 24. Qd2 g6 25. Rxe8 Rxe8 26. Re1 Rd8 27. Qg5 Bg7 28. Qh4 Nf8 29. Be4 f5 30. Bxd5+ Bxd5 31. Re7 Qd6 32. Bc1 Bxf3 33. Bf4 Bf6 34. Rg7+ Kh8 35. Bxd6 Bxh4 36. Be5 Rd5 37. Rf7+ Kg8 38. Rg7+ Kh8 39. Rf7+ Kg8 1/2-1/2

[Event "GER-ch 81st"]
[Site "Bad Liebenzell"]
[Date "2010.03.07"]
[Round "3"]
[White "Koller, Jens"]
[Black "Lentrodt, Thomas"]
[Result "0-1"]
[WhiteElo "2270"]
[BlackElo "2367"]
[EventDate "2010.03.05"]
[PlyCount "92"]

1. e4 e6 2. d4 d5 3. Nc3 Nf6 4. e5 Nfd7 5. Nce2 c5 6. f4 Nc6 7. Nf3 Be7 8. g3 O-O 9. Bh3 cxd4 10. Nexd4 Nc5 11. O-O Qb6 12. c3 f6 13. Qe2 fxe5 14. fxe5 Nxd4 15. Nxd4 Rxf1+ 16. Kxf1 Bd7 17. Kg2 a5 18. Be3 Qa6 19. Qxa6 Rxa6 20. Rd1 a4 21. Nf3 Ne4 22. c4 a3 23. b3 Nc3 24. Rd2 b5 25. cxd5 Kf7 26. d6 Bd8 27. Rc2 Nd5 28. Bd4 Ke8 29. Kf2 Nb4 30. Rd2 Rc6 31. Bf1 Rc1 32. h4 Ba5 33. Re2 h6 34. Bh3 Kf7 35. g4 Bc6 36. g5 Bd5 37. gxh6 gxh6 38. Kg3 Nc6 39. Rf2 Ke8 40. Be3 Rc3 41. Bf4 Bb6 42. Rf1 Nd4 43. Bg2 h5 44. Bg5 Kd7 45. Bf6 Nf5+ 46. Kh3 Ne3 0-1

[Event "GER-ch 81st"]
[Site "Bad Liebenzell"]
[Date "2010.03.07"]
[Round "3"]
[White "Kotainy, Jens"]
[Black "Lubbe, Nikolas"]
[Result "0-1"]
[WhiteElo "2243"]
[BlackElo "2353"]
[EventDate "2010.03.05"]
[PlyCount "80"]

1. e4 c5 2. c3 d5 3. exd5 Qxd5 4. d4 g6 5. Nf3 Bg7 6. Be3 cxd4 7. cxd4 Nf6 8. Nc3 Qd8 9. Be2 O-O 10. Qb3 b6 11. Rd1 e6 12. O-O Bb7 13. Ne5 Nc6 14. Qa4 Ne7 15. Bg5 Ned5 16. Rfe1 h6 17. Nxd5 Bxd5 18. Bd2 Ne4 19. Bb4 Nxf2 20. Bxf8 Bxe5 21. dxe5 Nxd1 22. Bxh6 Nxb2 23. Qb4 Nc4 24. Bxc4 Qh4 25. Qd2 Qxc4 26. Re2 Rc8 27. h3 b5 28. Bg5 b4 29. Kh2 a5 30. Rf2 Kf8 31. Bh6+ Ke8 32. Bg5 Qe4 33. Bf6 Rc3 34. Qh6 Qe3 35. Qh8+ Kd7 36. Qd8+ Kc6 37. Qd6+ Kb5 38. Bh4 g5 39. a4+ Kxa4 40. Qd7+ Kb3 0-1

[Event "GER-ch 81st"]
[Site "Bad Liebenzell"]
[Date "2010.03.07"]
[Round "3"]
[White "Kummerow, Heiko"]
[Black "Natsidis, Christoph"]
[Result "1/2-1/2"]
[WhiteElo "2361"]
[BlackElo "2270"]
[EventDate "2010.03.05"]
[PlyCount "31"]

1. e4 e6 2. d4 d5 3. Nc3 Nf6 4. Bg5 dxe4 5. Nxe4 Be7 6. Bxf6 Bxf6 7. Nf3 Nd7 8. Bc4 O-O 9. O-O c5 10. c3 cxd4 11. Nxd4 Bxd4 12. Qxd4 Nb6 13. Qd1 Nd7 14. Qd4 Nb6 15. Qxd8 Rxd8 16. Rfd1 1/2-1/2

[Event "GER-ch 81st"]
[Site "Bad Liebenzell"]
[Date "2010.03.07"]
[Round "3"]
[White "Milov, Leonid"]
[Black "Huschenbeth, Niclas"]
[Result "1-0"]
[WhiteElo "2556"]
[BlackElo "2404"]
[EventDate "2010.03.05"]
[PlyCount "89"]

1. e4 c5 2. Nf3 d6 3. d4 cxd4 4. Nxd4 Nf6 5. Nc3 Nc6 6. Bg5 e6 7. Qd2 Be7 8. f3 a6 9. O-O-O Nxd4 10. Qxd4 b5 11. h4 Bb7 12. Kb1 O-O 13. g4 Rc8 14. a3 Qc7 15. Qd2 d5 16. e5 d4 17. Bxf6 gxf6 18. Qh6 Qxe5 19. f4 Qe3 20. Rh3 Qxh3 21. Bxh3 dxc3 22. g5 f5 23. h5 Rfd8 24. Rg1 Bf8 25. Qf6 Bg7 26. Qe7 Bf3 27. g6 Bxh5 28. gxf7+ Bxf7 29. b4 Rd2 30. Bg2 Rcd8 31. Bf3 R2d7 32. Qg5 Bg6 33. Bh5 Bxh5 34. Qxh5 Rd2 35. Qf3 R8d5 36. Qe3 Rd1+ 37. Ka2 Kf7 38. Rxd1 Rxd1 39. Qa7+ Kf6 40. Qxa6 Rd5 41. Kb3 Kf7 42. Qb7+ Kf8 43. Qc8+ Kf7 44. Qc7+ Kg8 45. Qe7 1-0

[Event "GER-ch 81st"]
[Site "Bad Liebenzell"]
[Date "2010.03.07"]
[Round "3"]
[White "Mueller, Oliver"]
[Black "Figura, Atila Gajo"]
[Result "1-0"]
[WhiteElo "2297"]
[BlackElo "2418"]
[EventDate "2010.03.05"]
[PlyCount "53"]

1. d4 e6 2. c4 Bb4+ 3. Bd2 a5 4. Nf3 f5 5. e3 Be7 6. Bd3 Nf6 7. Nc3 Nc6 8. a3 d5 9. Qc2 Ne4 10. cxd5 exd5 11. Bb5 Qd6 12. Ne5 Nxd2 13. Qxd2 Bd7 14. Nxd7 Qxd7 15. Qc2 Rf8 16. Qb3 Rd8 17. Ba4 Rf6 18. Qxb7 Kf8 19. Rc1 f4 20. Ne2 fxe3 21. fxe3 Qg4 22. Rxc6 Qxg2 23. Rxf6+ Bxf6 24. Rf1 Qxh2 25. Qc6 Kg8 26. Qe6+ Kh8 27. Rxf6 1-0

[Event "GER-ch 81st"]
[Site "Bad Liebenzell"]
[Date "2010.03.07"]
[Round "3"]
[White "Namyslo, Holger"]
[Black "Hager, Joshua Aarash"]
[Result "1/2-1/2"]
[WhiteElo "2326"]
[BlackElo "2221"]
[EventDate "2010.03.05"]
[PlyCount "51"]

1. e4 c5 2. Nf3 d6 3. d4 cxd4 4. Nxd4 Nf6 5. Nc3 a6 6. Bg5 e6 7. f4 Nc6 8. e5 h6 9. Bh4 Nxd4 10. Qxd4 dxe5 11. Qxd8+ Kxd8 12. fxe5 g5 13. exf6 gxh4 14. O-O-O+ Kc7 15. Rd4 Bd7 16. Rxh4 Bc6 17. Be2 Rg8 18. Bf3 Bxf3 19. gxf3 Rg6 20. Rc4+ Kb6 21. Ne4 h5 22. Rd1 Bh6+ 23. Kb1 Rd8 24. Rf1 Bg5 25. Rc5 Rd5 26. Rxd5 1/2-1/2

[Event "GER-ch 81st"]
[Site "Bad Liebenzell"]
[Date "2010.03.07"]
[Round "3"]
[White "Naumann, Alexander"]
[Black "Fiebig, Thomas"]
[Result "1-0"]
[WhiteElo "2528"]
[BlackElo "2428"]
[EventDate "2010.03.05"]
[PlyCount "97"]

1. d4 d5 2. c4 c6 3. Nf3 Nf6 4. Nc3 a6 5. a4 e6 6. g3 Nbd7 7. Bg2 Bb4 8. O-O O-O 9. Qb3 a5 10. Bf4 b6 11. cxd5 exd5 12. Na2 Be7 13. Rac1 Bb7 14. Rfd1 Rc8 15. Ne5 Nxe5 16. Bxe5 Ba6 17. Nc3 Bc4 18. Qc2 Qd7 19. e4 Qe6 20. Re1 Bb4 21. exd5 cxd5 22. Qd1 Rfe8 23. Bxf6 Qxe1+ 24. Qxe1 Rxe1+ 25. Rxe1 gxf6 26. Re3 Rd8 27. Nb5 Bd2 28. Rf3 Kg7 29. b3 Be2 30. Rf5 Rc8 31. h4 Rc1+ 32. Kh2 Bd1 33. Nd6 Bxb3 34. Ne8+ Kf8 35. Nxf6 Bxa4 36. Bxd5 Bc3 37. Nxh7+ Ke7 38. Rxf7+ Kd6 39. Bf3 Bxd4 40. Rf4 Rc4 41. Nf6 Bc2 42. h5 a4 43. Bd5 Rb4 44. Bg8 Kc5 45. h6 a3 46. Ne4+ Kb5 47. Nd6+ Kc6 48. Nf5 Bc3 49. Rxb4 1-0

[Event "GER-ch 81st"]
[Site "Bad Liebenzell"]
[Date "2010.03.07"]
[Round "3"]
[White "Raykhman, Alexander"]
[Black "Krassowizkij, Jaroslaw"]
[Result "0-1"]
[WhiteElo "2352"]
[BlackElo "2244"]
[EventDate "2010.03.05"]
[PlyCount "64"]

1. d4 Nf6 2. c4 g6 3. Nc3 d5 4. Bf4 Bg7 5. e3 O-O 6. Rc1 c6 7. Nf3 dxc4 8. Bxc4 Nbd7 9. O-O Nh5 10. Bg5 h6 11. Bh4 Ndf6 12. Ne5 g5 13. Bg3 Nxg3 14. hxg3 Nd5 15. Nxd5 cxd5 16. Bd3 Qb6 17. Bc2 f5 18. f4 Bxe5 19. fxe5 g4 20. Bb3 e6 21. Rc5 Bd7 22. Qc1 Kg7 23. Rc7 Rf7 24. Rf2 Raf8 25. Rc5 Kg6 26. Rfc2 h5 27. Kf2 h4 28. gxh4 f4 29. exf4 Rxf4+ 30. Kg3 Qd8 31. Qd2 Kh5 32. Qxf4 Qxh4# 0-1

[Event "GER-ch 81st"]
[Site "Bad Liebenzell"]
[Date "2010.03.07"]
[Round "3"]
[White "Ritscher, Jan Paul"]
[Black "Roehl, Rainer"]
[Result "1/2-1/2"]
[WhiteElo "2316"]
[BlackElo "2182"]
[EventDate "2010.03.05"]
[PlyCount "37"]

1. d4 Nf6 2. c4 e6 3. Nc3 Bb4 4. Bd2 Nc6 5. Nf3 Bxc3 6. Bxc3 Ne4 7. Rc1 Qe7 8. d5 Nxc3 9. Rxc3 Nb8 10. Nd4 O-O 11. e3 d6 12. Bd3 e5 13. Nc2 f5 14. O-O Nd7 15. f4 a5 16. b3 Qf6 17. Qd2 Nc5 18. Ne1 Bd7 19. a3 1/2-1/2

[Event "GER-ch 81st"]
[Site "Bad Liebenzell"]
[Date "2010.03.07"]
[Round "3"]
[White "Schulze, Ulrich"]
[Black "Schoene, Ralf"]
[Result "1-0"]
[WhiteElo "2320"]
[BlackElo "2316"]
[EventDate "2010.03.05"]
[PlyCount "77"]

1. d4 Nf6 2. Nf3 d6 3. g3 g6 4. Bg2 Bg7 5. c4 O-O 6. O-O Nc6 7. Nc3 a6 8. h3 Rb8 9. e4 b5 10. cxb5 axb5 11. Re1 b4 12. Nd5 Bd7 13. Bg5 Na5 14. Rc1 Nxd5 15. exd5 Re8 16. Qd2 h5 17. b3 c6 18. dxc6 Nxc6 19. d5 Bc3 20. Rxc3 bxc3 21. Qxc3 Ne5 22. Nd4 Rc8 23. Qd2 f6 24. Be3 Qc7 25. f4 Nf7 26. Be4 f5 27. Bd3 Nh6 28. Bc4 Kh7 29. Nf3 Ng8 30. Ng5+ Kh6 31. Bd4 Nf6 32. Kh2 Qb7 33. Bxf6 exf6 34. Nf7+ Kg7 35. Nxd6 Qb8 36. Rxe8 Rxe8 37. Nxe8+ Qxe8 38. a4 Kh6 39. h4 1-0

[Event "GER-ch 81st"]
[Site "Bad Liebenzell"]
[Date "2010.03.07"]
[Round "3"]
[White "Schwing, Hans Elmar"]
[Black "Prusikin, Michael"]
[Result "1/2-1/2"]
[WhiteElo "2308"]
[BlackElo "2542"]
[EventDate "2010.03.05"]
[PlyCount "64"]

1. d4 Nf6 2. c4 e6 3. Nf3 c5 4. d5 b5 5. Bg5 b4 6. e4 d6 7. Bd3 a5 8. O-O Be7 9. Be3 O-O 10. h3 Nbd7 11. Nbd2 e5 12. Re1 Ne8 13. Nf1 g6 14. g4 Ng7 15. Ng3 Nf6 16. Bh6 Kh8 17. Kh2 Ng8 18. Be3 f5 19. exf5 gxf5 20. gxf5 Nxf5 21. Nxf5 Bxf5 22. Bxf5 Rxf5 23. Rg1 Qd7 24. Nd2 Nf6 25. Qe2 Rf8 26. f3 Rh5 27. Rg3 Rg8 28. Qg2 Rg6 29. Rg1 Bf8 30. Ne4 Nxe4 31. fxe4 Rxg3 32. Qxg3 Qf7 1/2-1/2

[Event "GER-ch 81st"]
[Site "Bad Liebenzell"]
[Date "2010.03.07"]
[Round "3"]
[White "Siebrecht, Sebastian"]
[Black "Feuerstack, Aljoscha"]
[Result "1-0"]
[WhiteElo "2457"]
[BlackElo "2382"]
[EventDate "2010.03.05"]
[PlyCount "41"]

1. d4 d5 2. c4 c6 3. Nf3 Nf6 4. Nc3 dxc4 5. a4 Bf5 6. Nh4 Bd7 7. e4 e6 8. Bxc4 Nxe4 9. Nxe4 Qxh4 10. Qf3 Bb4+ 11. Kf1 Be7 12. Bf4 f5 13. Nc5 e5 14. Bxe5 Bxc5 15. Qe2 Be7 16. Bxg7 Rf8 17. Re1 Na6 18. g3 Qg5 19. Bh6 Qf6 20. Qh5+ Rf7 21. Bg5 1-0

[Event "GER-ch 81st"]
[Site "Bad Liebenzell"]
[Date "2010.03.07"]
[Round "3"]
[White "Strunski, Andreas"]
[Black "Issing, Peter"]
[Result "1-0"]
[WhiteElo "2378"]
[BlackElo "2291"]
[EventDate "2010.03.05"]
[PlyCount "97"]

1. d4 Nf6 2. c4 b6 3. Nc3 Bb7 4. Bg5 h6 5. Bxf6 exf6 6. Qc2 Be7 7. e3 O-O 8. Nge2 c6 9. Nf4 d5 10. cxd5 Bd6 11. Nh5 g6 12. Ng3 cxd5 13. Bd3 Qe7 14. Bxg6 fxg6 15. Qxg6+ Kh8 16. Nf5 Qd7 17. Qxh6+ Kg8 18. Qg6+ Kh8 19. Rc1 Na6 20. Qh5+ Kg8 21. Qg6+ Kh8 22. Qh5+ Kg8 23. h4 Rad8 24. Qg6+ Kh8 25. Nxd6 Qxd6 26. Qh6+ Kg8 27. Qg6+ Kh8 28. Qh6+ Kg8 29. Rh3 Rd7 30. Rg3+ Kf7 31. a3 Ke8 32. Nb5 Qe7 33. Nxa7 Qh7 34. Qxh7 Rxh7 35. Nc8 Bxc8 36. Rxc8+ Ke7 37. Rc6 Rb8 38. Rg6 Rf7 39. f4 Rb7 40. f5 Nb8 41. Re6+ Kf8 42. Rgxf6 Nd7 43. Rxf7+ Kxf7 44. g4 Nf6 45. g5 Ne4 46. Ke2 b5 47. Kf3 Nd2+ 48. Kf4 Nc4 49. g6+ 1-0

[Event "GER-ch 81st"]
[Site "Bad Liebenzell"]
[Date "2010.03.07"]
[Round "3"]
[White "Tischbierek, Raj"]
[Black "Khenkin, Igor"]
[Result "0-1"]
[WhiteElo "2433"]
[BlackElo "2597"]
[EventDate "2010.03.05"]
[PlyCount "102"]

1. e4 c6 2. d4 d5 3. exd5 cxd5 4. Bd3 Nc6 5. c3 Nf6 6. Bf4 Bg4 7. Qb3 Qd7 8. Nd2 e6 9. Ngf3 Bd6 10. Ne5 Qc7 11. O-O Nd7 12. Rfe1 Bxe5 13. Bxe5 Ndxe5 14. dxe5 Bh5 15. c4 Rd8 16. cxd5 Rxd5 17. Nc4 O-O 18. Rac1 Nd4 19. Qa3 Rc8 20. b4 Nb5 21. Qb3 Bg6 22. Bf1 Qd7 23. Qb2 h6 24. a4 Nd4 25. Ne3 Rxc1 26. Rxc1 Rxe5 27. Rd1 Rxe3 28. Rxd4 Rb3 29. Rxd7 Rxb2 30. Rxb7 a5 31. b5 Bc2 32. Rb8+ Kh7 33. g3 Rb1 34. Kg2 Be4+ 35. f3 Rb2+ 36. Kg1 Bxf3 37. Bd3+ g6 38. Rd8 Kg7 39. Rd7 Rb4 40. Bc2 Be4 41. Bd1 Rb2 42. Kf1 Rxh2 43. Ra7 Rb2 44. Rxa5 Bd3+ 45. Ke1 e5 46. Ra7 e4 47. Rc7 Kf6 48. Rc3 Ke5 49. Rb3 Rg2 50. Bf3 Rg1+ 51. Kd2 exf3 0-1